Maailman valtioita - Hirsipuu - Statistics

Yleistilastot
  • Tätä visaa on pelattu 411 kertaa
  • Keskiarvotulos 4 / 8
Vastaustilastot
Kirjaimet % Oikein
A
100%
A
100%
A
100%
A
100%
A
100%
A
100%
A
100%
A
100%
A
100%
A
100%
A
100%
A
100%
A
100%
A
100%
A
100%
A
100%
A
100%
A
100%
A
100%
I
100%
I
100%
I
100%
I
100%
I
100%
I
100%
I
100%
I
100%
I
100%
N
100%
O
100%
S
100%
S
100%
S
100%
S
100%
T
100%
U
100%
U
100%
U
100%
A
83%
A
81%
A
80%
A
80%
A
80%
A
80%
I
80%
I
80%
S
80%
A
75%
A
75%
A
75%
A
75%
A
75%
I
75%
I
75%
K
75%
K
75%
M
75%
O
75%
P
75%
S
75%
U
75%
L
71%
K
69%
S
69%
A
67%
A
67%
B
67%
I
67%
I
67%
K
67%
R
67%
T
67%
I
63%
I
60%
K
60%
L
60%
L
60%
O
60%
S
60%
I
57%
O
57%
O
57%
A
50%
B
50%
E
50%
E
50%
G
50%
I
50%
I
50%
K
50%
K
50%
L
50%
M
50%
N
50%
N
50%
O
50%
O
50%
R
50%
R
50%
S
50%
S
50%
O
44%
G
43%
M
43%
N
43%
B
40%
E
40%
I
40%
M
40%
M
40%
O
40%
R
40%
V
40%
I
38%
L
38%
M
38%
M
38%
S
38%
E
33%
N
33%
O
33%
T
33%
B
31%
Z
30%
R
29%
U
29%
I
25%
N
25%
N
25%
N
25%
R
25%
S
25%
T
25%
U
25%
B
20%
B
20%
B
20%
D
20%
W
20%
Z
20%
N
17%
W
17%
G
14%
P
14%
Y
14%
V
13%
B
0%
B
0%
B
0%
B
0%
B
0%
C
0%
D
0%
D
0%
D
0%
D
0%
D
0%
G
0%
H
0%
I
0%
I
0%
J
0%
J
0%
L
0%
M
0%
N
0%
N
0%
O
0%
O
0%
O
0%
R
0%
R
0%
R
0%
T
0%
T
0%
W
0%
Ehtoja vastaavia visoja ei löytynyt
Tulosjakauma
Jokaisen tuloksen saaneiden osuus
Persentiili vastausten määrän mukaan
Tuloshistoriasi
Et ole pelannut tätä visaa